| 000 | 00000nam##2200000za#4500 |
| 001 | 9.628130 |
| 003 | CaOODSP |
| 005 | 20210615105619 |
| 007 | ta |
| 008 | 150406|2008||||xxc||||| f|0| 0 fre|d |
| 022 | |a0706-6570 |
| 040 | |aCaOODSP|bfre |
| 043 | |an-cn--- |
| 086 | 1 |aFs97-6/2821F |
| 110 | 1 |aCanada. |bMinistère des pêches et des océans. |
| 245 | 10|aÉvaluation de huit gisements de mye commune (Mya arenaria) de la rive nord de l'estuaire du Saint-Laurent de 2002 à 2008 / |c[par] Michel Giguère ... [et al.]. |
| 260 | |aMont-Joli - Québec : |bPêches et Océans Canada |c2008. |
| 300 | |ax, 91p. : |bfigures, graphiques, cartes, références, tableaux ; |c28 cm. |
| 490 | 1 |aRapport technique canadien des sciences halieutiques et aquatiques|x0706-6570|vN° 2821 |
| 500 | |a"Direction régionale des sciences, Pêches et Océans Canada, Institut Maurice-Lamontagne, 850, route de la Mer, Mont-Joli (Québec) G5H 3Z4". |
| 546 | |a(Abstract in English) |
| 563 | |aCouverture souple |
| 590 | |a09-07|b2009-02-13 |
| 691 | 07|aOcéan|2gcpds |
| 691 | 07|aPoisson|2gcpds |
| 720 | 1 |aGiguère, Michel |
| 776 | 0#|tÉvaluation de huit gisements de mye commune (Mya arenaria) de la rive nord de l'estuaire du Saint-Laurent de 2002 à 2008 / |w(CaOODSP)9.604073 |
| 830 | #0|aRapport technique canadien des sciences halieutiques et aquatiques,|x0706-6570|vN° 2821|w(CaOODSP)9.513015 |